=LDR 00000nam 2200000 4500 =001 INLIS000000000019631 =005 20130612114652 =008 ***********************************Ind** =035 ##$$0010-061300000019631 =041 ##$$a Ind =082 ##$$a 641.815 =090 ##$$a 641.815, Set a =100 ##$$a Setiyadi, Marlene Tabahujan =245 ##$$a A room to bredthe, Marlene Tabahujan Setiyadi =260 ##$$a 2005 $b Jakarta =300 ##$$a 136 hlm, ilus, 28 cm =650 ##$$a Tata Ruangan =850 ##$$a NBPNMAT